LEADER 01056nam a2200265 a 4500 001 000000126432 003 CaOOAMICUS 005 20111004142509.0 008 111004s2010 it d u000 u ita r 020 $a978-88-452-4750-7 040 $aPUL$bita 100 1 $aMortara Garavelli, Bice.$0(OLS)http://pul/name/78581 245 10$aManuale di retorica /$cBice Mortara Garavelli. 260 $aMilano :$bBompiani,$c2010. 300 $a368 p. :$bgrafici ;$c21 cm 490 1 $aTascabili Bompiani.$aSaggi ;$v94 650 4$aRetorica$vManuali.$0(OLS)http://pul/subject/38249 830 0$aTascabili Bompiani.$pSaggi ;$v94.$0(OLS)http://pul/title/58624 850 $aPUL 852 $aPUL$W1$xSL Cons. Gen., Altre Classi 3$y75$m808 MORBI 1$j146215$qDDC 21$B144893$CPULBib$Z2$F144893 $H117842 $82 941 1 $a9 996 $6020$a978-88-452-4750-7$9(OLS)http://pul/number/148068 996 $6245$aManuale di retorica$9(OLS)http://pul/title/159688 996 $6260$aMilano :$bBompiani$9(OLS)http://pul/publisher/48240 LEADER 01420nam a2200313 u 4500 001 000000015478 003 CaOOAMICUS 005 20070226105902.0 008 931115s1982 it u000 u ita u 035 $a10362406 040 $aEFR$bita 100 1 $aBrown, Peter Robert Lamont,$d1935-$0(OLS)http://pul/name/10649 245 10$aGovernanti e intellettuali, popolo di Roma e popolo di Dio :$b(I-VI secolo) /$cPeter Brown, Lellia Cracco Ruggini, Mario Mazza. 260 $aTorino :$bGiappichelli,$c1982. 300 $a145 p. ;$c21 cm 490 1 $aPassatopresente ;$v2 504 $aContains bibliographical references. 650 0$aEmperors$zRome.$2//eng$0(OLS)http://pul/subject/6099 651 0$aRome$xKings and rulers.$2//eng$0(OLS)http://pul/subject/10853 651 0$aRome$xIntellectual life.$2//eng$0(OLS)http://pul/subject/10854 700 1 $aMazza, Mario,$d1935-$0(OLS)http://pul/name/13168 700 1 $aCracco Ruggini, Lellia,$d1931-2021.$0(OLS)http://pul/name/5562 830 0$aPassatopresente ;$v2.$0(OLS)http://pul/title/22206 850 $aPUL 852 $aPUL$W1$xSL Filosofia 1$y2$m106 A 41$j21680$nBK-PRI$b $qStampati$B21680$CPULBib$Z2$F21680 $81 941 1 $a8 961 $aINV: 53509 996 $6245$aGovernanti e intellettuali, popolo di Roma e popolo di Dio :$b(I-VI secolo)$9(OLS)http://pul/title/22205 996 $6260$aTorino :$bGiappichelli$9(OLS)http://pul/publisher/48244